Animal Cracker Shapes Quiz Stats

 Plays Quiz Updated Apr 17, 2015

Challenge
Share
Tweet
Score 0/13 Timer 05:00
4 Plays Today
% Correct
Camel
98.9%
Horse
98.8%
Elephant
97.9%
Cat
96.3%
Cow
88%
Goat
86.1%
Bear
82.6%
Lion
81.9%
Buffalo
80.3%
Tiger
80.2%
Hippo
75.8%
Rhino
63.7%
Donkey
61.6%

You're not logged in!

Compare scores with friends on all Sporcle quizzes.
OR
Log In

You Might Also Like...

Show Comments

Extras

Top Quizzes Today


Score Distribution

Your Account Isn't Verified!

In order to create a playlist on Sporcle, you need to verify the email address you used during registration. Go to your Sporcle Settings to finish the process.

Report this User

Report this user for behavior that violates our Community Guidelines.

Details: